[Event "Titled Tue 27th May Early"]
[Site "chess.com INT"]
[Date "2025.05.27"]
[Round "5"]
[White "Samunenkov, Ihor"]
[Black "Krsnik Cohar, Ivan Vihor"]
[Result "1-0"]
[WhiteTitle "GM"]
[BlackTitle "FM"]
[WhiteElo "2572"]
[BlackElo "2362"]
[WhiteFideId "14187086"]
[BlackFideId "14520044"]
[EventDate "2025.05.27"]

1. e4 c6 2. d4 d5 3. e5 Bf5 4. h4 h5 5. Bd3 Bxd3 6. Qxd3 Qa5+ 7. Nd2 e6 8. Nf3
Qa6 9. c4 Ne7 10. O-O Nd7 11. b4 Nb6 12. b5 dxc4 13. Nxc4 cxb5 14. Nd6+ Kd7 15.
Nxf7 Rg8 16. Bg5 b4 17. Qh7 Nbd5 18. Qxh5 g6 19. Qg4 Nf5 20. Rfc1 Rc8 21. Rxc8
Kxc8 22. Qe4 Kd7 23. Nd6 Bxd6 24. exd6 Nxd6 25. Ne5+ Kc8 26. Qc2+ Kb8 27. Nd7+
Ka8 28. Nc5 Qc6 29. Qe2 Re8 30. a3 bxa3 31. Rxa3 Nb5 32. Rd3 Nxd4 33. Rxd4 Qxc5
34. Rc4 Qb6 35. Qc2 a6 36. Qxg6 Rf8 37. Qc2 Ka7 38. Rc8 Rf5 39. Qe2 Qb1+ 40. Kh2
Qb6 41. Re8 Rxf2 42. Qxe6 Qc7+ 43. Qe5 Qf7 44. Be3+ b6 45. Qb8# 1-0

[Event "Titled Tue 27th May Early"]
[Site "chess.com INT"]
[Date "2025.05.27"]
[Round "5"]
[White "Wijerathna, Vinuka Dihain"]
[Black "Kosteniuk, Alexandra"]
[Result "0-1"]
[WhiteTitle "CM"]
[BlackTitle "GM"]
[WhiteElo "2063"]
[BlackElo "2479"]
[WhiteFideId "29981905"]
[BlackFideId "4128125"]
[EventDate "2025.05.27"]

1. e4 c6 2. d4 d5 3. Nc3 dxe4 4. Nxe4 Nf6 5. Nxf6+ exf6 6. c3 Bd6 7. Bd3 Na6 8.
Qc2 h5 9. Ne2 Nc7 10. Bd2 Nd5 11. O-O-O h4 12. h3 b5 13. Rde1 Kf8 14. g3 Be6 15.
g4 Qa5 16. a3 Qc7 17. Rhf1 Nf4 18. Nxf4 Bxf4 19. Re4 Bxd2+ 20. Qxd2 a5 21. Rfe1
Bd5 22. R4e3 Rb8 23. f4 g6 24. g5 Qd6 25. Qf2 Kg7 26. f5 fxg5 27. fxg6 Qf4 28.
Qxf4 gxf4 29. Re7 Rhf8 30. gxf7 Rxf7 31. Rg1+ Kf8 32. Re5 f3 33. Kd2 f2 34. Rd1
Bf3 35. Rc1 Bg2 36. Bf1 Bd5 37. Bd3 Rf3 38. Rf5+ Rxf5 39. Bxf5 Re8 40. Bd3 Bg2
41. Rd1 Bxh3 42. Rh1 f1=Q 43. Bxf1 Bxf1 44. Rxf1+ Ke7 45. Rh1 Rh8 46. Ke3 Kd6
47. Ke4 a4 48. Kd3 h3 49. Rh2 Rh4 50. Ke3 Kd5 51. Kd3 c5 52. dxc5 Kxc5 53. Kd2
Kc4 54. Kc2 Rh5 55. Kd2 Rd5+ 56. Ke3 Rd3+ 57. Ke4 Rg3 58. Kf4 Rg2 59. Rxh3 Rxb2
60. Re3 Ra2 0-1

[Event "Titled Tue 27th May Early"]
[Site "chess.com INT"]
[Date "2025.05.27"]
[Round "5"]
[White "Shevchenko, Yaroslav"]
[Black "Troltenier, Dirk"]
[Result "1-0"]
[BlackTitle "FM"]
[WhiteElo "2137"]
[BlackElo "2174"]
[WhiteFideId "34144684"]
[BlackFideId "4606400"]
[EventDate "2025.05.27"]

1. e4 e5 2. Nf3 d6 3. d4 exd4 4. Nxd4 Nf6 5. Nc3 Be7 6. Bc4 O-O 7. O-O Re8 8.
Re1 Nbd7 9. a4 Bf8 10. a5 c6 11. Bf4 Ne5 12. Bb3 Be6 13. Bxe6 fxe6 14. a6 Qc7
15. axb7 Qxb7 16. Bxe5 dxe5 17. Nb3 Bb4 18. Re3 a5 19. Na4 Qb5 20. Qe2 Red8 21.
h4 h5 22. c4 Qb7 23. Rd1 Qe7 24. Red3 Ng4 25. g3 Rxd3 26. Rxd3 Rf8 27. f3 Nf6
28. Qe3 Rd8 29. Kg2 Kf7 30. Nc1 Rxd3 31. Nxd3 Qc7 32. Qg5 Bd6 33. c5 Be7 34.
Nxe5+ Kg8 35. Qf4 Qb8 36. Nb6 Bxc5 37. Nbd7 Qxb2+ 38. Kh3 Nxd7 39. Qf7+ Kh7 40.
Qxh5+ Kg8 41. Qf7+ Kh7 42. Nxd7 Qc1 43. Nf6+ Kh8 44. Qg8# 1-0

[Event "Titled Tue 27th May Early"]
[Site "chess.com INT"]
[Date "2025.05.27"]
[Round "5"]
[White "Lacasa Diaz, Josep Anton"]
[Black "Injac, Teodora"]
[Result "0-1"]
[WhiteTitle "IM"]
[BlackTitle "IM"]
[WhiteElo "2304"]
[BlackElo "2474"]
[WhiteFideId "2203375"]
[BlackFideId "932400"]
[EventDate "2025.05.27"]

1. e4 c5 2. Nf3 Nc6 3. Nc3 d6 4. d4 cxd4 5. Nxd4 Nf6 6. f3 e5 7. Nb3 Be7 8. Be3
O-O 9. Qd2 a5 10. O-O-O a4 11. Na1 a3 12. b3 Be6 13. Nd5 Bxd5 14. exd5 Nd4 15.
c3 Nxd5 16. Kb1 Nxe3 17. Qxe3 Bg5 18. Qd3 Ne6 19. Nc2 d5 20. Qxd5 Qf6 21. Bd3 g6
22. h4 e4 23. Nd4 Nxd4 24. hxg5 Qe6 25. Qxd4 exd3 26. Rxh7 f6 27. Qd7 Qxd7 28.
Rxd7 Rae8 29. gxf6 Re2 30. R7xd3 Rb2+ 31. Ka1 Rxg2 32. Rd8 Rxd8 33. Rxd8+ Kf7
34. Kb1 Rb2+ 35. Ka1 Rf2 36. Kb1 Kxf6 37. Rd7 Rb2+ 38. Ka1 Rf2 39. Kb1 Rxf3 40.
Rxb7 g5 41. Ra7 g4 42. Rxa3 g3 43. Ra8 g2 44. Rg8 Rf1+ 45. Kb2 g1=Q 46. Rxg1
Rxg1 47. b4 Ke6 48. c4 Kd6 49. Kb3 Rg3+ 50. Ka4 Kc6 51. Ka5 Ra3# 0-1

[Event "Titled Tue 27th May Early"]
[Site "chess.com INT"]
[Date "2025.05.27"]
[Round "5"]
[White "Vedant Rupeshbhai Varasada"]
[Black "Ugarte Soto, Cesar"]
[Result "1-0"]
[WhiteTitle "CM"]
[BlackTitle "CM"]
[WhiteElo "1971"]
[BlackElo "2088"]
[WhiteFideId "25156527"]
[BlackFideId "3601331"]
[EventDate "2025.05.27"]

1. e4 c5 2. Nf3 g6 3. d4 cxd4 4. Nxd4 Nc6 5. c4 Nf6 6. Nc3 Nxd4 7. Qxd4 Bg7 8.
Be3 O-O 9. Qd2 d6 10. Be2 Be6 11. O-O Qa5 12. f3 Rfc8 13. b3 a6 14. a4 Nh5 15.
Rfc1 Qb4 16. Rab1 b5 17. axb5 axb5 18. Nxb5 Qxd2 19. Bxd2 Bd7 20. Nc3 Bc6 21. g3
Nf6 22. Kf2 Nd7 23. b4 Bb7 24. Rc2 Ne5 25. Nd5 Kf8 26. Nb6 h5 27. Nxa8 Bxa8 28.
f4 Ng4+ 29. Bxg4 hxg4 30. Be3 Bxe4 31. Rbc1 Bxc2 32. Rxc2 Ke8 33. c5 dxc5 34.
bxc5 Rc6 35. Ke2 Kd7 36. Kd3 e5 37. Kc4 exf4 38. Bxf4 f5 39. Kb5 Rc8 40. c6+ Ke6
41. c7 Bf6 42. Kb6 g5 43. Kb7 Re8 44. Bc1 f4 45. gxf4 gxf4 46. Bxf4 1-0

[Event "Titled Tue 27th May Early"]
[Site "chess.com INT"]
[Date "2025.05.27"]
[Round "5"]
[White "Harsh, Suresh"]
[Black "Iljin, Timofey"]
[Result "1-0"]
[WhiteTitle "IM"]
[BlackTitle "IM"]
[WhiteElo "2392"]
[BlackElo "2242"]
[WhiteFideId "45018464"]
[BlackFideId "14110180"]
[EventDate "2025.05.27"]

1. e4 e6 2. d3 c5 3. Nf3 Nc6 4. g3 d6 5. c3 Be7 6. Bg2 Nf6 7. O-O O-O 8. Re1 Bd7
9. d4 cxd4 10. cxd4 d5 11. e5 Ne4 12. Nbd2 Rc8 13. Nxe4 dxe4 14. Rxe4 Nb4 15. a3
Bc6 16. Rg4 h5 17. Rxg7+ Kxg7 18. axb4 Be4 19. Qd2 Rh8 20. Qf4 Bg6 21. Bd2 h4
22. Bc3 Rh5 23. g4 Rh8 24. h3 Rc4 25. Rxa7 Bxb4 26. Rxb7 Bxc3 27. bxc3 Rc7 28.
Qf6+ Qxf6 29. exf6+ Kxf6 30. Rxc7 Ra8 31. Nxh4 Ra1+ 32. Kh2 Ra2 33. Kg3 Bd3 34.
Nf3 Ra1 35. Ne5 Kg7 36. Nxd3 Kg8 37. Ne5 f6 38. Nd7 e5 39. Nxf6+ Kf8 40. Nh7+
Ke8 41. dxe5 Kd8 42. Rg7 Ra3 43. Nf6 Rxc3+ 44. Bf3 Kc8 45. h4 Kd8 46. h5 Rb3 47.
h6 Rb7 48. Rxb7 Kc8 49. h7 Kd8 50. h8=Q# 1-0

[Event "Titled Tue 27th May Early"]
[Site "chess.com INT"]
[Date "2025.05.27"]
[Round "5"]
[White "Kravtsiv, Martyn"]
[Black "Sadubayev, Airat"]
[Result "1-0"]
[WhiteTitle "GM"]
[BlackTitle "FM"]
[WhiteElo "2598"]
[BlackElo "2211"]
[WhiteFideId "14113147"]
[BlackFideId "13713264"]
[EventDate "2025.05.27"]

1. e4 c6 2. d4 d5 3. e5 Bf5 4. h4 h5 5. Bd3 Bxd3 6. Qxd3 Qa5+ 7. Nd2 e6 8. Nf3
Nh6 9. O-O Nf5 10. Nb3 Qa6 11. Qd1 Nd7 12. a4 c5 13. c3 Rc8 14. Re1 Be7 15. g3
g6 16. Bg5 Bxg5 17. Nxg5 cxd4 18. Nxd4 Nc5 19. b4 Nd7 20. Nxf5 gxf5 21. Re3 Qc4
22. Nh3 Ke7 23. Kh2 Qg4 24. a5 Rc4 25. a6 b6 26. f3 Qg7 27. Qe1 Nf8 28. Rd1 Ng6
29. Rd4 Rhc8 30. f4 Nf8 31. Ng1 Nd7 32. Nf3 Nb8 33. b5 Nd7 34. Rxc4 Rxc4 35. Nd4
Nb8 36. Qe2 Qg6 37. Qb2 Kf8 38. Qa3+ Kg7 39. Qd6 Kh7 40. Qxb8 Qg4 41. Qxa7 Kg7
42. Qe7 Qd1 43. Qg5+ Kf8 44. Qd8+ Kg7 45. a7 1-0

[Event "Titled Tue 27th May Early"]
[Site "chess.com INT"]
[Date "2025.05.27"]
[Round "5"]
[White "Krzywda, Andrzej"]
[Black "Barria Zuniga, Daniel"]
[Result "0-1"]
[WhiteTitle "CM"]
[BlackTitle "IM"]
[WhiteElo "2175"]
[BlackElo "2341"]
[WhiteFideId "1114565"]
[BlackFideId "3400816"]
[EventDate "2025.05.27"]

1. e4 c5 2. Nf3 e6 3. d4 cxd4 4. Nxd4 a6 5. c4 Nf6 6. Nc3 Bb4 7. Qd3 d6 8. Be2
Nbd7 9. f3 Qc7 10. O-O Ne5 11. Qd1 Bd7 12. Be3 Bxc3 13. bxc3 Nxc4 14. Bf2 O-O
15. g4 b5 16. g5 Nh5 17. Qc1 e5 18. Nf5 Bxf5 19. exf5 Nf4 20. Bxc4 Qxc4 21. Qd2
Rfd8 22. Be3 Nd5 23. Rac1 Rac8 24. Bf2 Nxc3 25. Kh1 Qxa2 26. Rc2 Qd5 27. Qe3 b4
28. Rd2 Qc4 29. Rc1 a5 30. f6 a4 31. fxg7 Qf4 32. Qe1 Qxf3+ 33. Kg1 Ne2+ 34.
Rxe2 Rxc1 35. Qxc1 Qxe2 36. g6 Qg4+ 37. Bg3 Qxg6 38. Qc7 Re8 39. Qd7 Qe6 40.
Qxa4 b3 41. Qa3 d5 42. Be1 d4 43. Bb4 Kxg7 44. Qc1 h6 45. Qf1 Rb8 46. Bd2 b2 0-1

[Event "Titled Tue 27th May Early"]
[Site "chess.com INT"]
[Date "2025.05.27"]
[Round "5"]
[White "Toroptseva, Yevheniia"]
[Black "Chaulagain, Purusottam"]
[Result "1-0"]
[WhiteTitle "WFM"]
[BlackTitle "CM"]
[WhiteElo "2064"]
[BlackElo "1898"]
[WhiteFideId "34109374"]
[BlackFideId "12300730"]
[EventDate "2025.05.27"]

1. d4 d5 2. g3 e6 3. Bg2 c5 4. c3 Nc6 5. Nf3 Nf6 6. O-O Be7 7. Nbd2 O-O 8. dxc5
Bxc5 9. Nb3 Be7 10. Bf4 b6 11. Qc2 Ba6 12. Rfd1 Rc8 13. Rac1 h6 14. h4 Qd7 15.
Nh2 e5 16. Be3 Qe6 17. Qd2 Rfd8 18. Qe1 Bc4 19. Qf1 h5 20. Bg5 Ng4 21. Bxe7 Qxe7
22. Nxg4 hxg4 23. Qe1 a5 24. e4 d4 25. cxd4 Bxb3 26. axb3 Nxd4 27. Qe3 Nc2 28.
Qe2 Nd4 29. Qxg4 Rxc1 30. Rxc1 Nxb3 31. Re1 Qc7 32. Kh2 Qc2 33. Qf3 Rd2 34. Rf1
Nd4 35. Qe3 Qxb2 36. Kg1 Ne2+ 37. Kh2 Nd4 38. Kg1 b5 39. Bh3 a4 40. h5 1-0

[Event "Titled Tue 27th May Early"]
[Site "chess.com INT"]
[Date "2025.05.27"]
[Round "5"]
[White "Giri, Anish"]
[Black "Jumabayev, Rinat"]
[Result "0-1"]
[WhiteTitle "GM"]
[BlackTitle "GM"]
[WhiteElo "2738"]
[BlackElo "2551"]
[WhiteFideId "24116068"]
[BlackFideId "13702661"]
[EventDate "2025.05.27"]

1. c4 Nf6 2. g3 e6 3. Bg2 d5 4. Nf3 d4 5. O-O c5 6. d3 Nc6 7. e3 h6 8. Re1 Bd6
9. exd4 cxd4 10. Na3 O-O 11. Nc2 e5 12. b4 Re8 13. c5 Bc7 14. b5 Nb8 15. Ba3
Nbd7 16. c6 bxc6 17. Nb4 Nb8 18. Nd2 Nd5 19. bxc6 Nc3 20. Qh5 a5 21. Nc2 Ra6 22.
Nc4 Nxc6 23. Bb2 Be6 24. Nd2 Nb4 25. Nxb4 axb4 26. a3 b3 27. Nc4 Na4 28. Rab1
Bxc4 29. dxc4 Nxb2 30. Rxb2 Rxa3 31. Bd5 Rf8 32. Qf3 Ba5 33. Rxe5 Bc3 34. Rb1 b2
35. Re4 Ra1 36. Qd1 Qa5 37. Re2 Rxb1 38. Qxb1 Qa1 39. Be4 Qxb1+ 40. Bxb1 Ra8 41.
Kg2 g6 42. c5 Rc8 43. Re5 Kf8 44. Kf3 d3 45. Rd5 d2 0-1

[Event "Titled Tue 27th May Early"]
[Site "chess.com INT"]
[Date "2025.05.27"]
[Round "5"]
[White "Kourkoulos-Arditis, Stamatis"]
[Black "Joseph Benher, Savio"]
[Result "0-1"]
[WhiteTitle "GM"]
[WhiteElo "2580"]
[BlackElo "2115"]
[WhiteFideId "4221990"]
[BlackFideId "2629453"]
[EventDate "2025.05.27"]

1. e4 e6 2. d4 d5 3. Bd3 dxe4 4. Bxe4 Nf6 5. Bf3 Bd6 6. Ne2 O-O 7. O-O Nbd7 8.
Nbc3 c6 9. Bf4 e5 10. dxe5 Bxe5 11. Qd2 Qc7 12. Rad1 Bxf4 13. Qxf4 Ne5 14. h3
Nxf3+ 15. Qxf3 Be6 16. Nf4 Bc4 17. Rfe1 Rfe8 18. b3 Ba6 19. Qg3 Rxe1+ 20. Rxe1
Re8 21. Rxe8+ Nxe8 22. Ne4 b6 23. Qe3 Qd8 24. Kh2 h6 25. c4 Bc8 26. Nh5 Bf5 27.
Neg3 Bc8 28. Qe5 Kf8 29. Qb8 Qc7 30. Qxc7 Nxc7 31. f4 g6 32. Nf6 h5 33. Nge4 Be6
34. g4 hxg4 35. hxg4 Ne8 36. Kg3 Nxf6 37. Nxf6 Ke7 38. Ng8+ Kf8 39. Nf6 Ke7 40.
g5 Bf5 41. Kf3 Bb1 42. a3 Ba2 43. b4 Bxc4 44. Ke4 a5 45. bxa5 bxa5 46. Kd4 Bb5
47. Kc5 Ke6 48. Ng8 a4 49. Nh6 f6 0-1

[Event "Titled Tue 27th May Early"]
[Site "chess.com INT"]
[Date "2025.05.27"]
[Round "5"]
[White "Reprintsev, Alexander"]
[Black "Avramidou, Anastasia"]
[Result "1/2-1/2"]
[WhiteTitle "IM"]
[BlackTitle "FM"]
[WhiteElo "2256"]
[BlackElo "2294"]
[WhiteFideId "14100541"]
[BlackFideId "4239873"]
[EventDate "2025.05.27"]

1. e4 e6 2. Nf3 d5 3. e5 c5 4. b4 cxb4 5. a3 Nc6 6. axb4 Bxb4 7. c3 Be7 8. d4 f6
9. Bb5 Bd7 10. Qe2 fxe5 11. Bxc6 Bxc6 12. Nxe5 Nf6 13. Nxc6 bxc6 14. Qxe6 Qd7
15. Qxd7+ Kxd7 16. f3 a5 17. Ra4 Rhb8 18. Nd2 Kd8 19. Kd1 Nd7 20. Kc2 Nb6 21.
Ra2 a4 22. Ba3 Bxa3 23. Rxa3 Kc7 24. Re1 Re8 25. Re5 Rxe5 26. dxe5 g5 27. Kd3 c5
28. c4 Kc6 29. g3 Rf8 30. Ke2 dxc4 31. Ne4 h6 32. Nf6 Nd5 33. Nxd5 Kxd5 34. Rxa4
Rf5 35. Ra8 Rxe5+ 36. Kd2 Re6 37. Rf8 Ra6 38. Rf5+ Kd4 39. f4 Ra2+ 40. Kc1 Kc3
41. Kb1 Rb2+ 42. Ka1 Rxh2 43. fxg5 hxg5 44. Rxc5 Kb3 45. Rb5+ Ka3 46. Ra5+ Kb3
47. Rb5+ Ka4 48. Rxg5 c3 49. Kb1 Kb3 50. Rb5+ Kc4 51. Rb8 Rg2 52. Rc8+ Kd3 53.
Rd8+ Kc4 54. Rc8+ Kb3 55. Rb8+ Kc4 56. Rc8+ 1/2-1/2

[Event "Titled Tue 27th May Early"]
[Site "chess.com INT"]
[Date "2025.05.27"]
[Round "5"]
[White "Pribelszky, Bence"]
[Black "Beniosev, Daniel"]
[Result "1-0"]
[WhiteTitle "IM"]
[BlackTitle "CM"]
[WhiteElo "2400"]
[BlackElo "2010"]
[WhiteFideId "769738"]
[BlackFideId "11632674"]
[EventDate "2025.05.27"]

1. e4 c5 2. Nf3 e6 3. c4 Nc6 4. Nc3 Nd4 5. d3 d6 6. Be3 e5 7. Be2 Nf6 8. O-O Be7
9. Bg5 O-O 10. Bxf6 Bxf6 11. Nxd4 cxd4 12. Nd5 Be6 13. Bg4 Be7 14. Rc1 g6 15.
Re1 f5 16. exf5 gxf5 17. Bf3 Bg5 18. Rc2 Qd7 19. Rce2 Kh8 20. Qb3 Rg8 21. g3
Rab8 22. Nb4 h5 23. Bd5 Bxd5 24. Nxd5 h4 25. c5 hxg3 26. hxg3 f4 27. cxd6 fxg3
28. fxg3 Qxd6 29. Rh2+ Kg7 30. Re4 Rgd8 31. Qd1 Qxd5 32. Qh5 Kf6 33. Rf2+ Ke6
34. Qxg5 Rg8 35. Qh6+ Kd7 36. Qh7+ Kc6 37. Rf6+ Kb5 38. Qh4 Rbe8 39. Rf5 Qxa2
40. Rexe5+ Rxe5 41. Rxe5+ Ka6 42. Qxd4 Rxg3+ 43. Kf2 Rg8 44. Rd5 Qb1 45. Rd6+ b6
46. Qc4+ Kb7 47. Rd7+ Kb8 48. Qc7+ Ka8 49. Qb7# 1-0

[Event "Titled Tue 27th May Early"]
[Site "chess.com INT"]
[Date "2025.05.27"]
[Round "5"]
[White "Vlassov, Nikolai"]
[Black "Gasparyan, Erik R."]
[Result "1-0"]
[WhiteTitle "IM"]
[BlackTitle "IM"]
[WhiteElo "2291"]
[BlackElo "2372"]
[WhiteFideId "4103360"]
[BlackFideId "13315730"]
[EventDate "2025.05.27"]

1. e4 c6 2. d4 d5 3. f3 dxe4 4. fxe4 e5 5. Nf3 Bg4 6. c3 Nd7 7. Bd3 Bd6 8. O-O
Ngf6 9. Kh1 O-O 10. Be3 Qc7 11. Nbd2 Rae8 12. Qc2 Bh5 13. Nc4 Ng4 14. Bg1 exd4
15. cxd4 Bf4 16. e5 Bg6 17. Nd6 Re6 18. Nh4 Ne3 19. Bxe3 Bxe3 20. Nxg6 hxg6 21.
Bc4 Rxd6 22. exd6 Qxd6 23. Rad1 Bxd4 24. Qe4 c5 25. Rxf7 Rxf7 26. Qe8+ Kh7 27.
Qxf7 b6 28. Qg8+ Kh6 29. Qh8+ Kg5 30. Rf1 Ne5 31. Be2 Bf2 32. Rxf2 Qd4 33. h4+
Qxh4+ 34. Qxh4+ Kxh4 35. Kh2 Kg5 36. Kg3 c4 37. Rf8 Nc6 38. Bxc4 Nd4 39. Rf7 a5
40. Rb7 Kf5 41. Rxb6 g5 42. Bd3+ Ke5 43. Rg6 a4 44. Rxg7 Ne6 45. Re7 Kf6 46.
Rxe6+ Kxe6 47. Kg4 Kf6 1-0

[Event "Titled Tue 27th May Early"]
[Site "chess.com INT"]
[Date "2025.05.27"]
[Round "5"]
[White "Garcia, Jhoel"]
[Black "Skytte, Robert"]
[Result "1-0"]
[WhiteTitle "IM"]
[BlackTitle "CM"]
[WhiteElo "2304"]
[BlackElo "2007"]
[WhiteFideId "3801110"]
[BlackFideId "1471775"]
[EventDate "2025.05.27"]

1. e4 c5 2. c3 d5 3. exd5 Qxd5 4. d4 Nf6 5. Nf3 Bg4 6. Be2 Nc6 7. Na3 O-O-O 8.
Be3 e6 9. Nc2 cxd4 10. Nfxd4 Bxe2 11. Qxe2 Nxd4 12. Bxd4 Bc5 13. O-O Bxd4 14.
Nxd4 Qc5 15. a4 a6 16. Qe3 Kb8 17. b4 Qc7 18. Rfc1 Nd5 19. Qf3 e5 20. Nb3 b6 21.
b5 a5 22. c4 e4 23. Qxe4 Rhe8 24. Qf3 Nb4 25. c5 Rd3 26. cxb6 Qxc1+ 27. Rxc1
Rxf3 28. gxf3 Re5 29. Nxa5 Nd3 30. Rc3 Re1+ 31. Kg2 Nf4+ 32. Kg3 Ne2+ 33. Kg4
Nxc3 34. Nc6+ Kb7 35. a5 Nxb5 36. Nd8+ Kb8 37. a6 Rc1 38. a7+ Nxa7 39. bxa7+
Kxa7 40. Nxf7 Rc7 41. Ng5 h6 42. Ne6 Rc2 43. Nxg7 Rxf2 44. Kg3 Rf1 45. Kg2 Ra1
46. Nf5 Kb6 47. Nxh6 Kc6 48. Nf5 Kd5 49. Kg3 Ke6 50. Ne3 Kf6 51. Kg4 Rg1+ 52.
Kf4 Ra1 53. h4 Ra4+ 54. Kg3 Kg6 55. Ng2 Kh5 56. Nf4+ Kh6 57. Kg4 Ra1 58. Nh3 Rf1
59. f4 Ra1 60. Ng5 Ra4 61. Nf7+ Kg6 62. Ne5+ Kg7 63. h5 Ra5 64. Nf3 Rb5 65. Nh4
Rd5 66. Nf5+ Kf6 67. Ne3 Kg7 68. Nxd5 1-0

[Event "Titled Tue 27th May Early"]
[Site "chess.com INT"]
[Date "2025.05.27"]
[Round "5"]
[White "Dilmukhametov, Artur"]
[Black "Kalyani Sirin"]
[Result "0-1"]
[WhiteTitle "FM"]
[BlackTitle "WFM"]
[WhiteElo "2276"]
[BlackElo "2136"]
[WhiteFideId "24179922"]
[BlackFideId "33323500"]
[EventDate "2025.05.27"]

1. d4 Nf6 2. f3 d5 3. e4 dxe4 4. Nc3 c5 5. d5 exf3 6. Nxf3 g6 7. Bb5+ Bd7 8. Bd3
Bg7 9. O-O O-O 10. Qe1 b5 11. d6 exd6 12. Qh4 c4 13. Bg5 cxd3 14. Nd5 Be6 15.
Nxf6+ Bxf6 16. Bxf6 Qb6+ 17. Bd4 Qd8 18. Bf6 Qb6+ 19. Kh1 Nd7 20. Bd4 Qd8 21.
Qh6 f6 22. Ng5 Qe7 23. Ne4 Ne5 24. cxd3 Qg7 25. Qh4 Bf5 26. Nxd6 Bxd3 27. Rfe1
Rad8 28. Rad1 Rxd6 29. Bxe5 fxe5 30. Re3 e4 31. h3 Rdf6 32. Ree1 Rf1+ 33. Kh2
Qc7+ 34. Qg3 Qxg3+ 35. Kxg3 Rxe1 36. Rxe1 Rf1 37. Re3 Rc1 38. b3 Rc2 39. Kf4
Rxa2 40. g3 Rf2+ 41. Ke5 a5 42. Re1 a4 43. Kd4 axb3 44. Kc3 b2 45. Rd1 Rc2+ 46.
Kb3 Rc1 0-1

[Event "Titled Tue 27th May Early"]
[Site "chess.com INT"]
[Date "2025.05.27"]
[Round "5"]
[White "Gabrielian, Artur"]
[Black "Kovalenko, Igor"]
[Result "0-1"]
[WhiteTitle "GM"]
[BlackTitle "GM"]
[WhiteElo "2419"]
[BlackElo "2676"]
[WhiteFideId "4131002"]
[BlackFideId "14117908"]
[EventDate "2025.05.27"]

1. Nf3 Nf6 2. g3 d5 3. Bg2 g6 4. O-O Bg7 5. d4 c6 6. c4 O-O 7. a4 a5 8. cxd5
cxd5 9. Qb3 Nc6 10. Bf4 Bf5 11. Na3 Nb4 12. Rfc1 Ra6 13. Bc7 Qa8 14. Nb5 Rc6 15.
Ne5 Rc2 16. Rxc2 Bxc2 17. Qe3 Qa6 18. b3 Rc8 19. Rc1 Bf5 20. Rc3 Ne8 21. Nf3 Be4
22. Be5 Rxc3 23. Qxc3 Qc6 24. Bxg7 Kxg7 25. Ne5 Qxc3 26. Nxc3 Bxg2 27. Kxg2 f6
28. Nd7 Nc7 29. Nb6 e6 30. f3 Kf7 31. e4 Ke7 32. e5 fxe5 33. dxe5 g5 34. f4 gxf4
35. gxf4 Nca6 36. Nb5 Nc5 37. Nd4 Nc6 38. Nxc6+ bxc6 39. Nc8+ Kd7 40. Nd6 Nxb3
41. Kf3 c5 42. f5 exf5 43. Nxf5 c4 44. Ke3 Ke6 45. Kf4 c3 46. Ne3 d4 47. Nc2 d3 0-1

[Event "Titled Tue 27th May Early"]
[Site "chess.com INT"]
[Date "2025.05.27"]
[Round "5"]
[White "Negrean, Andrei"]
[Black "Kawka, Milena"]
[Result "1-0"]
[WhiteTitle "FM"]
[BlackTitle "WCM"]
[WhiteElo "2336"]
[BlackElo "2004"]
[WhiteFideId "1291513"]
[BlackFideId "21095167"]
[EventDate "2025.05.27"]

1. e4 c5 2. Ne2 Nc6 3. d4 cxd4 4. Nxd4 e5 5. Nb5 d6 6. c4 g6 7. N5c3 Bg7 8. Nd5
Nf6 9. Nbc3 a6 10. Be3 Nxd5 11. Nxd5 O-O 12. Nb6 Rb8 13. Nxc8 Rxc8 14. Be2 Nd4
15. Bxd4 exd4 16. O-O Qe7 17. Bd3 Rfe8 18. Qd2 Rc5 19. Rae1 Qd7 20. f4 b6 21. b4
Rcc8 22. Rc1 Rc7 23. g3 Rec8 24. Kg2 Re8 25. Rfe1 Rcc8 26. h3 f5 27. exf5 gxf5
28. Qc2 Rf8 29. Re2 b5 30. c5 dxc5 31. bxc5 Qd5+ 32. Kf2 Kh8 33. c6 Rc7 34. Qc5
Qf7 35. Qd6 Rfc8 36. Qe6 Qxe6 37. Rxe6 Kg8 38. Bxf5 Kf7 39. Rd6 Re8 40. Rd7+ Re7
41. Rxc7 Rxc7 42. Bd7 Ke7 43. Ke2 Kd6 44. Kd3 Kd5 45. g4 Bh6 46. g5 Bg7 47. f5
Be5 48. f6 Kd6 49. Rf1 Ra7 50. f7 Bg7 51. f8=Q+ Bxf8 52. Rxf8 a5 53. Rf6+ Ke7
54. Re6+ Kf7 55. Kxd4 b4 56. Kc5 Rc7 57. Kb6 b3 58. axb3 1-0

[Event "Titled Tue 27th May Early"]
[Site "chess.com INT"]
[Date "2025.05.27"]
[Round "5"]
[White "Rose, Felix"]
[Black "Yevchenko, Oleksandr"]
[Result "1-0"]
[WhiteTitle "CM"]
[BlackTitle "CM"]
[WhiteElo "2093"]
[BlackElo "2276"]
[WhiteFideId "5105722"]
[BlackFideId "14108267"]
[EventDate "2025.05.27"]

1. e4 c5 2. Nf3 d6 3. d4 cxd4 4. Nxd4 Nf6 5. Nc3 a6 6. Be3 e5 7. Nb3 Be6 8. f3
Be7 9. Qd2 h5 10. Nd5 Bxd5 11. exd5 Nbd7 12. Be2 O-O 13. O-O g6 14. Na5 Qc7 15.
c4 Nh7 16. b4 f5 17. Rac1 b6 18. Nc6 Bf6 19. a4 f4 20. Bf2 Rae8 21. Bd3 Kg7 22.
Qc2 Rh8 23. Bxg6 Reg8 24. h4 Nhf8 25. Bf5 Kh6 26. Qd3 Rg7 27. Kh1 Rhg8 28. Bh3
Rg6 29. c5 bxc5 30. Qxa6 Nh7 31. b5 Nb6 32. Rfd1 Rg3 33. Bxg3 Rxg3 34. a5 Nd7
35. Qa7 Qxa7 36. Nxa7 Nb8 37. a6 Bd8 38. Nc6 Nxc6 39. dxc6 Bb6 40. a7 Bxa7 41.
c7 Rg8 42. c8=Q Rxc8 43. Bxc8 Bb8 44. b6 Kg7 45. b7 Kf6 46. Bh3 Nf8 47. Ra1 1-0

[Event "Titled Tue 27th May Early"]
[Site "chess.com INT"]
[Date "2025.05.27"]
[Round "5"]
[White "Le, Tuan Minh"]
[Black "Vakhidov, Jakhongir"]
[Result "1-0"]
[WhiteTitle "GM"]
[BlackTitle "GM"]
[WhiteElo "2598"]
[BlackElo "2546"]
[WhiteFideId "12401153"]
[BlackFideId "14201801"]
[EventDate "2025.05.27"]

1. d4 Nf6 2. Nf3 g6 3. Nbd2 d5 4. b4 Bg7 5. e3 a5 6. b5 c5 7. bxc6 Nxc6 8. Be2
O-O 9. O-O Bf5 10. a3 a4 11. c4 Na5 12. Qxa4 Nxc4 13. Qb3 Na5 14. Qb4 Qd6 15.
Bb2 Ne4 16. Rfc1 Bg4 17. Qb5 Bd7 18. Qb4 Bg4 19. Bd3 Bxf3 20. Nxf3 Qxb4 21. axb4
Nb3 22. Rxa8 Rxa8 23. Rc2 Ra2 24. g3 Bf6 25. h4 Nd6 26. Bc3 Ra3 27. Bb2 Ra2 28.
Ne1 Nc4 29. Bc3 Ra3 30. b5 Na1 31. Bxa1 Rxa1 32. Kf1 Nd6 33. Ke2 Kg7 34. Rc7
Ra2+ 35. Nc2 Nxb5 36. Bxb5 Rb2 37. Bd3 b6 38. Rb7 b5 39. Rxb5 Ra2 40. Rxd5 e6
41. Rc5 Ra7 42. Rc6 h6 43. Kf3 g5 44. hxg5 hxg5 45. Ne1 Ra1 46. Ke2 Ra2+ 47. Bc2
e5 48. dxe5 Bxe5 49. Nf3 Bf6 50. Nd4 Rb2 51. Nf5+ Kg6 52. g4 Ra2 53. Kf3 Rxc2
54. Rxc2 1-0